000 00420cam a22001337a 4500
008 180718b1988 xxu||||| |||| 00| 0 eng d
082 _aA81x54 In2/81/1/Pt4A
100 _aCensus of India 1981
245 _aIndia: social and cultural tables
260 _aDelhi
_bController of Publications
_c1988
300 _a686p.
440 _aCensus of India 1981. Series-1, India. Part IV-A
500 _aContents: Tables C-1 to C-6
999 _c481848
_d481848